000
00293nam a2200109Ia 4500
008
200302s9999 xx 000 0 und d
100
_a
S. C. Reznikoff
245
_a
Specifications for Commercial Interiors
260
_b
Whitney Library of Design Publication
260
_c
1989
300
_a
319 P.,
999
_c
5082
_d
5082